logo

Bir Sreshtho Munshi Abdur Rouf Library
Jhenaidah Cadet College

জীবন গড়ার সিড়ি শিষ্টাচার / (Record no. 8017)

MARC details
000 -LEADER
fixed length control field 00753nam a2200205 a 4500
001 - CONTROL NUMBER
JCCL Control Number 6487
003 - CONTROL NUMBER IDENTIFIER
JCCL marc code BD-JhCC
005 - DATE AND TIME OF LATEST TRANSACTION
control field 20180217165943.0
008 - FIXED-LENGTH DATA ELEMENTS--GENERAL INFORMATION
fixed length control field 180123s2000 bg |||| ||a| 000 0 ben d
035 ## - SYSTEM CONTROL NUMBER
system control number (BD-JhCC)6487
040 ## - CATALOGING SOURCE
Original cataloging agency BD-JhCC
Modifying agency BD-JhCC
041 ## - LANGUAGE CODE
Language code of Book ben
082 ## - DEWEY DECIMAL CLASSIFICATION NUMBER
Classification number 395
Author mark and Year ALM 2000
100 ## - MAIN ENTRY--PERSONAL NAME
Personal name (অবঃ) কর্নেল মোহাম্মদ দিদারুল আলম
245 ## - TITLE STATEMENT
Title জীবন গড়ার সিড়ি শিষ্টাচার /
Statement of responsibility, etc কর্নেল মোহাম্মদ দিদারুল আলম (অবঃ)
260 ## - PUBLICATION, DISTRIBUTION, ETC. (IMPRINT)
Place of publication, distribution, etc ঢাকা :
Name of publisher, distributor, etc উদ্যোগ ও এসোসিয়েশন,
Date of publication, distribution, etc ২০০০.
300 ## - PHYSICAL DESCRIPTION
Pagination 56 P. :
Dimensions 21 cm.
650 ## - SUBJECT ADDED ENTRY--TOPICAL TERM
Topical term or geographic name as entry element Etiquette
942 ## - ADDED ENTRY ELEMENTS (KOHA)
Source of classification or shelving scheme Dewey Decimal Classification
Koha item type Books

No items available.


JCC Library | Contacts | JCC Home

Last Update on 23 September 2017
Copyright @ 2017-2020 JCC Rouf Library
Rouf Library, Jhenidah Cadet College (JCC), Bangladesh